| LEADER |
01268nam0a2200241 450 |
| 001 |
16851157 |
| 010 |
|
|
|a 978-2-266-27024-3
|b br.
|d 8,4
|
| 100 |
|
|
|a 20200611d2018 u u0frey01 ba
|
| 101 |
1 |
|
|a fre
|c eng
|
| 102 |
|
|
|a FR
|
| 200 |
0 |
|
|a grand brasier (Le)
|f Shannon Messenger
|g traduit de l'anglais (Etats-Unis) par Mathilde Tamae-Bouhon
|
| 207 |
|
1 |
|a
|
| 210 |
|
|
|a Paris
|c Pocket jeunesse
|d 2018
|
| 215 |
|
|
|a 1 vol. (564 p.)
|c Couv. ill. en coul.
|d 18 cm
|
| 225 |
1 |
|
|a Gardiens des cités perdues
|v J3048
|
| 327 |
|
|
|a Best Seller
|
| 330 |
|
|
|a Passage en poche, avec label Best-seller, du tome 3 de la série à succès parue en grand format chez Lumen. Cela fait plusieurs semaines que Sophie est sans nouvelles du Cygne Noir. La jeune Télépathe redoute le pire : la présence d'un traître dans les rangs de l'organisation... Accompagnée de Keefe, Dex, Fitz et Biana, Sophie est entraînée dans un tourbillon de révélations et de rebondissements menaçant la paix du monde des elfes...
|
| 461 |
|
0 |
|t Gardiens des cités perdues
|v 3
|
| 700 |
|
0 |
|a Messenger
|b Shannon
|4 70
|
| 702 |
|
0 |
|a Tamae-Bouhon
|b Mathilde
|4 730
|
| 900 |
|
|
|a Science fiction
|
| 901 |
|
|
|a Adultes
|
| 995 |
|
|
|a Médiathèque
|c Médiathèque
|f 089017419
|h 089017419
|k J MES 3 SF
|o p
|q a
|r az
|e Médiathèque
|